| 000 | 00869nam a2200325 a 4500 | ||
|---|---|---|---|
| 003 | AR-BaBNM | ||
| 005 | 20251128210438.0 | ||
| 008 | 082120s2002 ||||||||||||||000 | spa|| | ||
| 020 | _a84-376-0601-2 | ||
| 040 | _cAR-BaBNM | ||
| 100 | 0 | _aPerez Zagorin | |
| 245 | 0 | 0 |
_aRevueltas y revoluciones en la Edad Moderna _bguerra revolucionarias. 2 |
| 260 |
_aMadrid _bCátedra _c1986 |
||
| 300 | _a262 p. | ||
| 490 | 0 | _aHistoria. menor | |
| 504 | _aBibliografía a pie de página | ||
| 650 | 4 | _aHISTORIA DE LAS IDEAS | |
| 650 | 4 | _aREFORMA RELIGIOSA | |
| 650 | 4 | _aREVOLUCION | |
| 650 | 4 | _aREVOLUCION | |
| 650 | 4 | _aGUERRA CIVIL | |
| 650 | 4 | _aMOVIMIENTOS REVOLUCIONARIOS | |
| 650 | 4 | _aPROBLEMAS SOCIALES | |
| 650 | 4 | _aECONOMIA | |
| 650 | 4 | _aSOCIEDAD | |
| 653 | _aEDAD MODERNA | ||
| 700 | 1 |
_aFlores, Teresa _etraductor |
|
| 942 | _cBK | ||
| 998 | _cMariana | ||
| 999 |
_c15504 _d15504 |
||